000 00697cam a22002413a 4500
001 22946
003 PGUSA
005 20140828083504.0
008 071001s2007||||xxu|||||s|||||000 1 eng d
040 _aPGUSA
_beng
042 _adc
050 4 _aPS
100 1 _aAbbott, Eleanor Hallowell,
_d1872-1958
245 1 4 _aThe Indiscreet Letter
_h[electronic resource] /
_cEleanor Hallowell Abbott
260 _bProject Gutenberg,
_c2007
506 _aPublic domain in the USA.
516 _aElectronic text
653 _aLetter writing -- Fiction
653 _aRailroad travel -- Fiction
830 0 _aProject Gutenberg
_v22946
856 4 0 _uhttp://www.gutenberg.org/ebooks/22946
942 _cEB
999 _c252201
_d252201